000 00845cab a2200253 4500
001 WB3436-16
008 090401t1998 xxu||||| |||| 00| 0 eng d
035 _a(Sirsi) u88607
041 _aeng
245 _aWatchdog urges caution on PFI
260 _c1998
350 _a0
490 _aMunicipal Journal
_v18 September 1998, 7(1)
520 _aA report by the Audit Commission, "Taking the initiative: a framework for purchasing under the private finance initiative", warns local authorities to examine a variety of funding options before deciding to use PFI.
650 _aAUDIT COMMISSION
650 _aFUNDING
650 _aLOCAL AUTHORITIES
650 _aPFI
650 _aPRIVATE FINANCE INITIATIVE
650 _aPRIVATE FUNDING
690 _aPROPERTY-PROPERTY FINANCE AND INVESTMENT
942 _n0
948 _c23/09/1998
999 _c56012
_d56012